[Event "Titled Tuesday intern op 09th Jan Early"]
[Site "Chess.com INT"]
[Date "2024.01.09"]
[Round "6"]
[White "Filgueira, Hernan"]
[Black "Yushko, Olga"]
[Result "1-0"]
[WhiteElo "2283"]
[BlackElo "2064"]
[PlyCount "67"]
[EventDate "2024.01.09"]
[EventType "swiss (blitz)"]
[EventRounds "11"]
[EventCountry "USA"]
[SourceTitle "CB03_2024"]
[SourceDate "2024.01.17"]
[SourceVersion "1"]
[SourceVersionDate "2024.01.17"]
[SourceQuality "1"]

1. d4 d5 2. c4 e6 3. Nc3 Nf6 4. Bf4 Be7 5. e3 0-0 6. Rc1 c6 7. Nf3 Nbd7 8. Bd3 dxc4 9. Bxc4 Re8 10. 0-0 Nf8 11. h3 Bd6 12. Ne5 Ng6 13. Bh2 Qc7 14. f4 b5 15. Bb3 Qb6 16. Kh1 Bb7 17. f5 Nf8 18. fxe6 Nxe6 19. Rxf6 gxf6 20. Qg4+ Kf8 21. Nd7+ Ke7 22. Nxb6 axb6 23. Bxd6+ Kxd6 24. Ne4+ Ke7 25. Bxe6 Rg8 26. Qf5 Rg6 27. Bxf7 Bc8 28. Bxg6 Bxf5 29. Bxf5 Rxa2 30. Rxc6 Rxb2 31. Rc7+ Kd8 32. Rb7 Rb3 33. Nd6 Rxe3 34. Rd7# 1-0

[Event "Titled Tuesday intern op 05th Sep Late"]
[Site "Chess.com INT"]
[Date "2023.09.05"]
[Round "8"]
[White "Filgueira, Hernan"]
[Black "Polaczek, Richard"]
[Result "1/2-1/2"]
[WhiteElo "2283"]
[BlackElo "2302"]
[PlyCount "126"]
[EventDate "2023.09.05"]
[EventType "swiss (blitz)"]
[EventRounds "11"]
[EventCountry "USA"]
[SourceTitle "EXT 2024"]
[Source "ChessBase"]
[SourceDate "2023.10.10"]
[SourceVersion "1"]
[SourceVersionDate "2023.10.10"]
[SourceQuality "1"]

1. c4 e6 2. Nf3 Nf6 3. e3 d5 4. b3 a6 5. Bb2 c5 6. d4 cxd4 7. exd4 Bb4+ 8. Nbd2 Nc6 9. Bd3 0-0 10. 0-0 Bd6 11. c5 Bc7 12. a3 b5 13. b4 Rb8 14. Re1 Re8 15. Ne5 Bxe5 16. dxe5 Nd7 17. Qh5 Nf8 18. Re3 a5 19. Bxh7+ Nxh7 20. Rh3 Qg5 21. Qxh7+ Kf8 22. Nf3 Qg6 23. Qh4 Ne7 24. Qf4 Nf5 25. g4 Nh6 26. g5 Nf5 27. bxa5 Kg8 28. Bc3 Bd7 29. Nd4 Nxd4 30. Bxd4 Bc6 31. Re3 Qf5 32. Qg3 Kh7 33. Rae1 Ra8 34. Rf3 Qg6 35. Qh4+ Kg8 36. Rh3 Kf8 37. Bc3 Red8 38. Qh5 d4 39. Qxg6 fxg6 40. Bd2 Kg8 41. Rc1 Rd5 42. f4 d3 43. Rc3 Rad8 44. Kf2 Rd4 45. Rg3 Kf7 46. Rg1 R8d5 47. Rb1 Ra4 48. Rb4 Rxa5 49. a4 Rxa4 50. Rxa4 bxa4 51. Ke3 Rd7 52. Rxd3 Rxd3+ 53. Kxd3 Ke7 54. Bb4 Kd7 55. Kd4 Bd5 56. h4 Bf3 57. Ba3 Bg4 58. Kc3 Bd1 59. Kd4 Kc6 60. Kc3 Kb5 61. Kd4 Kc6 62. Kc3 Kb5 63. Kd4 Kc6 1/2-1/2

[Event "Titled Tuesday intern op 05th Sep Late"]
[Site "Chess.com INT"]
[Date "2023.09.05"]
[Round "4"]
[White "Filgueira, Hernan"]
[Black "Todev, Simeon"]
[Result "1-0"]
[WhiteElo "2283"]
[BlackElo "1999"]
[PlyCount "43"]
[EventDate "2023.09.05"]
[EventType "swiss (blitz)"]
[EventRounds "11"]
[EventCountry "USA"]
[SourceTitle "EXT 2024"]
[Source "ChessBase"]
[SourceDate "2023.10.10"]
[SourceVersion "1"]
[SourceVersionDate "2023.10.10"]
[SourceQuality "1"]

1. c4 g6 2. g3 Bg7 3. Bg2 Nf6 4. Nc3 0-0 5. e3 e6 6. Nge2 d5 7. cxd5 exd5 8. d4 c5 9. 0-0 Nc6 10. dxc5 Bg4 11. h3 Bxe2 12. Nxe2 Qe7 13. Bd2 Qxc5 14. Bc3 Rad8 15. Rc1 Qe7 16. Qb3 Ne4 17. Bxg7 Kxg7 18. Rcd1 Nc5 19. Qc3+ Ne5 20. f4 d4 21. Nxd4 Ned7 22. Nf5+ 1-0

[Event "Titled Tuesday intern op 05th Sep Late"]
[Site "Chess.com INT"]
[Date "2023.09.05"]
[Round "3"]
[White "Weisz, Bryan"]
[Black "Filgueira, Hernan"]
[Result "0-1"]
[WhiteElo "1985"]
[BlackElo "2283"]
[PlyCount "92"]
[EventDate "2023.09.05"]
[EventType "swiss (blitz)"]
[EventRounds "11"]
[EventCountry "USA"]
[SourceTitle "EXT 2024"]
[Source "ChessBase"]
[SourceDate "2023.10.10"]
[SourceVersion "1"]
[SourceVersionDate "2023.10.10"]
[SourceQuality "1"]

1. Nf3 d5 2. e3 Nf6 3. Ne5 g6 4. b3 Bg7 5. Bb2 0-0 6. g3 c5 7. Bg2 Nfd7 8. d4 cxd4 9. Nxd7 Bxd7 10. Bxd4 e5 11. Bb2 Bc6 12. 0-0 d4 13. exd4 exd4 14. Nd2 Bxg2 15. Kxg2 Nc6 16. Nf3 Qd5 17. Kg1 Rad8 18. a3 a5 19. Qd3 Rd7 20. Rad1 Rfd8 21. Rfe1 h6 22. Re4 f5 23. Re2 g5 24. Rde1 Qf7 25. Nd2 Rd5 26. Nc4 g4 27. Bc1 b5 28. Nb6 Ne5 29. Qd1 Nf3+ 30. Kh1 Qh5 31. h4 R5d6 32. Bf4 Rxb6 33. Re6 Rxe6 34. Rxe6 Qf7 35. Qe2 Bf8 36. Bxh6 Qb7 37. Bxf8 Ng5+ 38. Kg1 Nxe6 39. Qxe6+ Qf7 40. Qxf7+ Kxf7 41. Bc5 d3 42. cxd3 Rxd3 43. b4 a4 44. h5 Rxa3 45. Be3 Rxe3 46. fxe3 a3 0-1

[Event "Speed Chess Q1 Sw"]
[Site "Chess.com INT"]
[Date "2023.08.21"]
[Round "1"]
[White "Filgueira, Hernan"]
[Black "Harsh, Suresh"]
[Result "0-1"]
[WhiteElo "2283"]
[BlackElo "2324"]
[PlyCount "90"]
[EventDate "2023.08.21"]
[EventType "k.o. (blitz)"]
[EventRounds "14"]
[EventCountry "USA"]
[SourceTitle "CBM 215 Extra"]
[Source "ChessBase"]
[SourceDate "2023.09.30"]
[SourceVersion "1"]
[SourceVersionDate "2023.09.30"]
[SourceQuality "1"]

1. d4 Nf6 2. Nf3 d5 3. Bf4 Bg4 4. e3 e6 5. Nbd2 c6 6. c3 Bd6 7. Bg3 Bxg3 8. hxg3 Nbd7 9. Be2 0-0 10. 0-0 Qb6 11. Qb3 a5 12. Qa3 c5 13. Rfe1 Rfc8 14. dxc5 Qxc5 15. Qa4 Nb6 16. Qf4 Bxf3 17. gxf3 Qc7 18. Qh4 a4 19. a3 Nbd7 20. Bd3 Ne5 21. Bc2 b5 22. f4 Nc4 23. Nxc4 bxc4 24. Rab1 Qb7 25. Red1 Qe7 26. e4 dxe4 27. Bxe4 Ra7 28. Bc2 h6 29. Rd2 Nd5 30. Qg4 g6 31. Re1 Nf6 32. Qh4 Kg7 33. Qh1 Rd7 34. Red1 Rxd2 35. Rxd2 Rd8 36. Re2 Qd7 37. Qf3 Rb8 38. Be4 Rb6 39. Kg2 Rd6 40. Bc2 Rb6 41. Qe3 Rxb2 42. Qe5 Qd5+ 43. Qxd5 Nxd5 44. Kf3 Nxc3 45. Rd2 Nb5 0-1

[Event "Speed Chess Q1 Sw"]
[Site "Chess.com INT"]
[Date "2023.08.21"]
[Round "10"]
[White "Filgueira, Hernan"]
[Black "Tanenbaum, Zachary Chen"]
[Result "0-1"]
[WhiteElo "2283"]
[BlackElo "2279"]
[PlyCount "52"]
[EventDate "2023.08.21"]
[EventType "k.o. (blitz)"]
[EventRounds "14"]
[EventCountry "USA"]
[SourceTitle "CBM 215 Extra"]
[Source "ChessBase"]
[SourceDate "2023.09.30"]
[SourceVersion "1"]
[SourceVersionDate "2023.09.30"]
[SourceQuality "1"]

1. Nf3 d5 2. c4 d4 3. e3 c5 4. g3 Nc6 5. exd4 cxd4 6. d3 e5 7. Bg2 h6 8. 0-0 Nf6 9. b4 Bd6 10. b5 Ne7 11. Re1 Ng6 12. Nxd4 Bb4 13. Nc2 Bxe1 14. Nxe1 e4 15. Ba3 Qd4 16. Nd2 e3 17. Nc2 exf2+ 18. Kh1 Qxd3 19. Bf1 Qf5 20. Qe2+ Be6 21. Nd4 Qe5 22. Qxf2 Ng4 23. Qg1 0-0-0 24. N2f3 Qe3 25. Nxe6 Qxf3+ 26. Bg2 Nf2+ 0-1